Физика 3.2 (09.03.01, 15.03.04) / ДО 2017: электронный курс

التفاصيل البيبلوغرافية
المؤلف الرئيسي: Кравченко Н. С. Надежда Степановна
مؤلف مشترك: Национальный исследовательский Томский политехнический университет Школа базовой инженерной подготовки Отделение естественных наук
مؤلفون آخرون: Лисичко Е. В. Елена Владимировна
الملخص:Заглавие с экрана
Доступ по логину и паролю
اللغة:الروسية
منشور في: Томск, TPU Moodle, 2019
الموضوعات:
الوصول للمادة أونلاين:https://design.lms.tpu.ru/course/view.php?id=2853
التنسيق: MixedMaterials الكتروني كتاب
KOHA link:https://koha.lib.tpu.ru/cgi-bin/koha/opac-detail.pl?biblionumber=658499

MARC

LEADER 00000nlm0a2200000 4500
001 658499
005 20231228133722.0
035 |a (RuTPU)RU\TPU\network\26392 
090 |a 658499 
100 |a 20181018d2019 m y0rusy50 ca 
101 0 |a rus 
102 |a RU 
105 |a a j 000zy 
135 |a jrcn ---uucaa 
181 0 |a i  
182 0 |a b 
200 1 |a Физика 3.2 (09.03.01, 15.03.04) / ДО 2017  |e электронный курс  |f Н. С. Кравченко, Е. В. Лисичко  |g Национальный исследовательский Томский политехнический университет, Школа базовой инженерной подготовки, Отделение естественных наук 
203 |a Текст  |c электронный 
210 |a Томск  |c TPU Moodle  |d 2019 
300 |a Заглавие с экрана 
333 |a Доступ по логину и паролю 
606 1 |a Физика  |2 stltpush  |3 (RuTPU)RU\TPU\subj\63709  |9 80688 
610 1 |a электронный ресурс 
610 1 |a труды учёных ТПУ 
610 1 |a электронные учебные пособия 
610 1 |a учебные пособия 
610 1 |a Moodle 
610 1 |a e-learning 
610 1 |a электромагнитные колебания 
610 1 |a электромагнитные волны 
610 1 |a геометрическая оптика 
610 1 |a интерференция 
610 1 |a дифракция 
610 1 |a поляризация 
610 1 |a дисперсия 
610 1 |a тепловое излучение 
610 1 |a фотоэффекты 
610 1 |a эффект Комптона 
610 1 |a корпускулярно-волновой дуализм 
610 1 |a уравнение Шредингера 
610 1 |a модели 
610 1 |a водородоподобные системы 
610 1 |a элементарные частицы 
610 1 |a ядра 
675 |a 53(075.8)  |v 4 
700 1 |a Кравченко  |b Н. С.  |c физик  |c доцент Томского политехнического университета, кандидат физико-математических наук  |f 1940-  |g Надежда Степановна  |3 (RuTPU)RU\TPU\pers\27021 
701 1 |a Лисичко  |b Е. В.  |c физик  |c доцент Томского политехнического университета, кандидат педагогических наук  |f 1972-  |g Елена Владимировна  |3 (RuTPU)RU\TPU\pers\28369  |9 13260 
712 0 2 |a Национальный исследовательский Томский политехнический университет  |b Школа базовой инженерной подготовки  |b Отделение естественных наук  |3 (RuTPU)RU\TPU\col\23562 
801 2 |a RU  |b 63413507  |c 20211213  |g RCR 
856 4 |u https://design.lms.tpu.ru/course/view.php?id=2853 
942 |c CF